000 00586nam a22001817a 4500
999 _c21032
_d21032
003 AR-CdUCM
008 190724b ||||| |||| 00| 0 spa d
040 _aMUNICIPALIDAD PROVINCIAL DEL CUSCO
_cBIBLIOTECA MUNICIPAL DEL CUSCO
082 _a808.82 /
_bP59
100 _aPineda, G. F.
_943828
245 _aEl capitán centellas :
_bSainete en un acto /
260 _aBuenos Aires :
_bEscuelas gráficas del colegio Pio IX,
300 _a15 páginas ;
_c18 cm.
440 _aGalería dramática Salesiana
_n7
_943829
650 _aTeatro
_9173
942 _2ddc
_cFOLLETOS
945 _azta